| LEADER |
00933nam0a2200193 450 |
| 001 |
16834148 |
| 010 |
|
|
|a 978-2-8180-4781-1
|b br.
|d 18
|
| 100 |
|
|
|a 20190806d2019 u u0frey01 ba
|
| 101 |
0 |
|
|a fre
|
| 102 |
|
|
|a FR
|
| 200 |
0 |
|
|a ghetto intérieur (Le)
|e roman
|f Santiago H. Amigorena
|
| 207 |
|
1 |
|a
|
| 210 |
|
|
|a Paris
|b 26 rue Jacob.
|c POL
|d 2019
|
| 215 |
|
|
|a 1 vol. (190 p.)
|d 21 cm
|
| 330 |
|
|
|a "Vicente Rosenberg est arrivé en Argentine en 1928. Il a rencontré Rosita Szapire cinq ans plus tard. Vicente et Rosita se sont aimés et ils ont eu trois enfants. Mais lorsque Vicente a su que sa mère allait mourir dans le ghetto de Varsovie, il a décidé de se taire. Ce roman raconte l'histoire de ce silence - qui est devenu le mien".
|
| 700 |
|
0 |
|a Amigorena
|b Santiago H.
|f 1962-....
|4 70
|
| 900 |
|
|
|a Roman
|
| 901 |
|
|
|a Accessible au prêt
|
| 995 |
|
|
|a Bibliothèque
|c Bibliothèque
|f 024020349
|h 024020349
|k R AMI
|o p
|q a
|r az
|e Bibliothèque
|